[Event "Titled Tue 3rd Jan Late"]
[Site "chess.com INT"]
[Date "2025.06.03"]
[Round "11"]
[White "Jagirapu, Harshin Reddy"]
[Black "Buchenau, Frank"]
[Result "0-1"]
[BlackTitle "FM"]
[WhiteElo "2042"]
[BlackElo "2190"]
[WhiteFideId "39910679"]
[BlackFideId "4604350"]
[EventDate "2025.06.03"]

1. Nf3 Nf6 2. g3 b6 3. Bg2 Bb7 4. O-O e6 5. d3 d5 6. Nbd2 Nbd7 7. b3 Bd6 8. Bb2
O-O 9. Re1 e5 10. e4 dxe4 11. dxe4 Qe7 12. Nh4 g6 13. Nc4 Bc5 14. Qe2 Rad8 15.
Nf3 Bxe4 16. Nfxe5 Bxg2 17. Kxg2 Nxe5 18. Nxe5 Bd4 19. Bxd4 Rxd4 20. Qf3 Qd6 21.
c3 Rd5 22. c4 Rd2 23. c5 Qd5 24. Red1 Rxd1 25. Rxd1 Qxe5 26. c6 Qe4 27. Qxe4
Nxe4 28. Rd7 Rc8 29. Kf3 Nf6 30. Re7 Kf8 31. Re5 Re8 32. Rb5 Re6 33. Rb4 Rxc6
34. Rh4 h5 35. Rd4 Ke7 36. Kf4 Rc5 37. f3 Nd5+ 38. Ke4 Nc3+ 39. Kd3 Nxa2 40. Ra4
Nc1+ 41. Ke3 Nxb3 42. Rxa7 Kd6 43. Ra4 Rc3+ 44. Kf4 Nd2 45. Rd4+ Kc5 46. Rxd2 b5
47. Rd7 c6 48. Rxf7 b4 49. Rb7 b3 50. Kg5 Kc4 51. Kxg6 Rc2 52. f4 b2 53. f5 Kc3
54. f6 Rf2 55. f7 c5 56. h3 c4 57. g4 hxg4 58. hxg4 Kc2 59. Kg7 c3 60. g5 b1=Q
61. Rxb1 Kxb1 62. f8=Q Rxf8 63. Kxf8 c2 64. g6 c1=Q 65. g7 Qf4+ 66. Kg8 Kc2 67.
Kh8 Qe5 68. Kh7 Qe7 69. Kg6 Qe8+ 70. Kh7 Qh5+ 71. Kg8 Kd3 72. Kf8 Qh6 73. Kf7
Qh7 74. Kf8 Qf5+ 75. Ke8 Qe6+ 76. Kf8 Qf6+ 77. Kg8 Ke4 78. Kh8 Kf5 79. Kh7 Qf7
80. Kh8 Qh5+ 81. Kg8 Qe8+ 82. Kh7 Qh5+ 83. Kg8 Kf6 84. Kf8 Qf7# 0-1

[Event "Titled Tue 3rd Jan Late"]
[Site "chess.com INT"]
[Date "2025.06.03"]
[Round "11"]
[White "Brancaleoni, Maurizio"]
[Black "Loskutova, Viktoriya"]
[Result "0-1"]
[WhiteTitle "FM"]
[BlackTitle "WFM"]
[WhiteElo "2185"]
[BlackElo "2066"]
[WhiteFideId "803022"]
[BlackFideId "34166278"]
[EventDate "2025.06.03"]

1. Nf3 Nf6 2. c4 g6 3. b4 Bg7 4. Bb2 O-O 5. e3 d6 6. Be2 e5 7. d3 a5 8. b5 a4 9.
O-O Nbd7 10. Na3 Nc5 11. d4 exd4 12. exd4 Ne6 13. Qd2 Re8 14. Rfe1 Ne4 15. Qc2
Nf4 16. d5 Bf5 17. Bxg7 Ng3 18. Qb2 Ngxe2+ 19. Kh1 Nd3 20. Rxe2 Nxb2 21. Rxe8+
Qxe8 22. Bxb2 Qe2 23. Bd4 Re8 24. b6 cxb6 25. Nb5 Bg4 26. Nxd6 Re7 27. Ng1 Qd3
28. Bxb6 Rd7 29. Bc5 b6 30. Bb4 Qc2 31. h3 Qb2 32. Re1 Qxb4 33. Ne8 Qxe1 34.
Nf6+ Kg7 35. Nxd7 Bxd7 36. Kh2 Qa1 37. c5 Qxa2 38. c6 Bc8 39. d6 Qe6 40. d7 Bxd7
41. cxd7 Qxd7 42. Nf3 a3 0-1

[Event "Titled Tue 3rd Jan Late"]
[Site "chess.com INT"]
[Date "2025.06.03"]
[Round "11"]
[White "Do Carmo, Gabriel Carckeno"]
[Black "Ngo, Quang Thai"]
[Result "1-0"]
[WhiteElo "2021"]
[BlackElo "2341"]
[WhiteFideId "22783024"]
[BlackFideId "12403768"]
[EventDate "2025.06.03"]

1. c4 e6 2. Nf3 d5 3. e3 Nf6 4. b3 Be7 5. Bb2 O-O 6. Nc3 c5 7. cxd5 exd5 8. d4
b6 9. Be2 Bb7 10. O-O Nbd7 11. Rc1 Re8 12. Qc2 Rc8 13. Rfd1 Qc7 14. Qf5 g6 15.
Qh3 Bf8 16. Qh4 Bg7 17. Nb5 Qb8 18. dxc5 bxc5 19. b4 a6 20. Nc3 cxb4 21. Nb1 a5
22. Nbd2 Rxc1 23. Rxc1 Qd6 24. Bb5 Rc8 25. Rd1 Qb6 26. Ba4 Nc5 27. Bc2 a4 28.
Bb1 a3 29. Bd4 Qd6 30. Nb3 Nce4 31. Ne5 Qc7 32. Nf3 1-0

[Event "Titled Tue 3rd Jan Late"]
[Site "chess.com INT"]
[Date "2025.06.03"]
[Round "11"]
[White "Levano Loayza, Adriano Jaffet"]
[Black "Ozalp, Burak"]
[Result "0-1"]
[WhiteTitle "CM"]
[BlackTitle "CM"]
[WhiteElo "2049"]
[BlackElo "2059"]
[WhiteFideId "3865584"]
[BlackFideId "6314210"]
[EventDate "2025.06.03"]

1. d4 Nf6 2. c4 b6 3. Nf3 Bb7 4. g3 g6 5. Bg2 Bg7 6. O-O O-O 7. Nc3 e6 8. d5 Na6
9. e4 Nc5 10. e5 Ne8 11. Re1 d6 12. Bg5 f6 13. exf6 Bxf6 14. Bxf6 Qxf6 15. Qd4
e5 16. Qe3 a5 17. Ng5 Ng7 18. Nge4 Qe7 19. Nxc5 bxc5 20. f4 Nf5 21. Qe4 Rae8 22.
fxe5 Qxe5 23. Qxe5 dxe5 24. Ne4 Nd4 25. Nxc5 Bc8 26. Rac1 Bg4 27. h3 Ne2+ 28.
Kh2 Nxc1 29. hxg4 Nxa2 30. Ne6 Rf2 31. Nxc7 Rc8 32. d6 Rd2 33. c5 Nb4 34. Rxe5
Rf8 35. Re8 Rxe8 36. Nxe8 Kf8 37. Nf6 Na6 38. Ne4 Rc2 39. d7 Ke7 40. Nf6 Nxc5
41. Nxh7 Nxd7 42. Kh3 Rxb2 43. Ng5 a4 44. Bd5 a3 45. Ne4 Nf6 46. Nxf6 Kxf6 0-1

[Event "Titled Tue 3rd Jan Late"]
[Site "chess.com INT"]
[Date "2025.06.03"]
[Round "11"]
[White "Hernandez Leon, Sergio"]
[Black "Borisov, Yuri"]
[Result "0-1"]
[WhiteTitle "CM"]
[BlackTitle "FM"]
[WhiteElo "2106"]
[BlackElo "2285"]
[WhiteFideId "2285622"]
[BlackFideId "1503928"]
[EventDate "2025.06.03"]

1. e4 e6 2. Qe2 Be7 3. Nf3 d5 4. d3 Nf6 5. g3 c5 6. Bg2 Nc6 7. Nbd2 b6 8. O-O
Bb7 9. e5 Nd7 10. Re1 Qc7 11. c3 O-O-O 12. Nf1 h6 13. h4 Rdg8 14. h5 g5 15. hxg6
fxg6 16. Bh3 Nf8 17. a3 g5 18. g4 h5 19. Ng3 hxg4 20. Bxg4 d4 21. cxd4 Nxd4 22.
Qe3 Qc6 23. Ne4 Rh4 24. Nxh4 gxh4 25. f3 Nc2 26. Qe2 Nxa1 27. b4 Nb3 28. Bb2 Nd4
29. Bxd4 cxd4 30. Qd2 Kb8 31. Rc1 Qd5 32. Qf4 Nd7 33. Qf7 Rxg4+ 34. fxg4 Nxe5
35. Qxe7 a6 36. g5 Nxd3 37. Qd6+ Qxd6 38. Nxd6 Nxc1 39. g6 Bd5 40. Nf7 e5 41.
Nxe5 d3 42. Kf2 h3 43. Ng4 d2 44. Ne3 Be6 45. Kg3 Ne2+ 46. Kh2 Nc3 47. g7 d1=Q
48. Nxd1 Nxd1 49. Kg3 Kc7 0-1

[Event "Titled Tue 3rd Jan Late"]
[Site "chess.com INT"]
[Date "2025.06.03"]
[Round "11"]
[White "Noroozi, Omid"]
[Black "Ivashentseva, Dominika"]
[Result "0-1"]
[WhiteTitle "IM"]
[BlackTitle "WCM"]
[WhiteElo "2266"]
[BlackElo "1921"]
[WhiteFideId "12501190"]
[BlackFideId "34331050"]
[EventDate "2025.06.03"]

1. c4 e6 2. Nc3 d5 3. d4 Nf6 4. cxd5 exd5 5. Bg5 c6 6. e3 Bf5 7. Qf3 Bg6 8. Bxf6
Qxf6 9. Qxf6 gxf6 10. Nge2 Nd7 11. Nf4 Bd6 12. Nce2 f5 13. h4 h5 14. g3 Nf6 15.
Nc3 Bxf4 16. exf4 Ne4 17. Nxe4 fxe4 18. Kd2 f5 19. b4 Kd7 20. a4 a6 21. Be2 b5
22. Rhc1 Rhe8 23. Rc5 Reb8 24. Rac1 Rc8 25. Ke3 Rab8 26. Ra1 Ra8 27. Rc3 a5 28.
axb5 axb4 29. bxc6+ Kc7 30. Rxa8 bxc3 31. Ra7+ Kxc6 32. Ra6+ Kd7 33. Bd1 Be8 34.
Ra7+ Ke6 35. Bc2 Bd7 36. Ra6+ Ke7 37. Rh6 Rb8 38. Rh7+ Kd6 39. Rxh5 Rb2 40. Rh6+
Kc7 41. Bd1 c2 42. Bxc2 Rxc2 43. h5 Bb5 44. Rh7+ Kb6 45. Rh6+ Ka5 46. Rc6 Re2# 0-1

[Event "Titled Tue 3rd Jan Late"]
[Site "chess.com INT"]
[Date "2025.06.03"]
[Round "11"]
[White "Woodward, Andy"]
[Black "Bluebaum, Matthias"]
[Result "1-0"]
[WhiteTitle "GM"]
[BlackTitle "GM"]
[WhiteElo "2547"]
[BlackElo "2660"]
[WhiteFideId "30953499"]
[BlackFideId "24651516"]
[EventDate "2025.06.03"]

1. d4 d5 2. Nf3 e6 3. Bf4 c5 4. e3 Nc6 5. Nbd2 Bd6 6. dxc5 Bxf4 7. exf4 Qf6 8.
Rb1 Qxf4 9. b4 Nf6 10. Bd3 O-O 11. O-O e5 12. b5 e4 13. bxc6 bxc6 14. Rb4 Rb8
15. Qb1 Rxb4 16. Qxb4 Qc7 17. Nd4 exd3 18. cxd3 Re8 19. h3 h6 20. Qa4 Bd7 21.
N2f3 Nh5 22. Qd1 Nf4 23. Qd2 Ng6 24. Rb1 Bc8 25. Re1 Rxe1+ 26. Qxe1 Bd7 27. g3
f6 28. h4 h5 29. Qe3 Qb8 30. Nxc6 Qb1+ 31. Kg2 Bxc6 32. Qe6+ Kh7 33. Qxc6 Qxd3
34. Qe6 Qe4 35. Qxe4 dxe4 36. Nd4 Ne7 37. c6 Kg6 38. c7 Nc8 39. f3 exf3+ 40.
Kxf3 Kf7 41. Ke4 Ke7 42. Nf5+ Kd7 43. Nxg7 Kxc7 44. Nxh5 Nd6+ 45. Kf4 Nb5 46.
Nxf6 Nc3 47. h5 Kd6 48. h6 Ke6 49. h7 Ne2+ 50. Kg5 Nxg3 51. h8=Q Kd6 52. Qd8+
Kc5 53. Qd5+ Kb4 54. Qb3+ Ka5 55. Qxg3 a6 56. Qc3+ Ka4 57. Qb2 Ka5 58. Nd5 Ka4
59. Qb4# 1-0

[Event "Titled Tue 3rd Jan Late"]
[Site "chess.com INT"]
[Date "2025.06.03"]
[Round "11"]
[White "Mirimanian, Hayk"]
[Black "Yurtseven, Melih"]
[Result "1-0"]
[WhiteTitle "FM"]
[BlackTitle "IM"]
[WhiteElo "2237"]
[BlackElo "2339"]
[WhiteFideId "4700180"]
[BlackFideId "6312160"]
[EventDate "2025.06.03"]

1. c4 c5 2. g3 g6 3. Bg2 Bg7 4. Nc3 Nc6 5. a3 d6 6. Nf3 Nh6 7. d3 Nf5 8. Rb1 a5
9. O-O O-O 10. Bd2 Nfd4 11. Ne1 e5 12. Nd5 f5 13. b4 axb4 14. axb4 Ra2 15. b5
Ne7 16. Bg5 Nxe2+ 17. Kh1 Re8 18. Nc2 Nd4 19. Nxd4 cxd4 20. Qb3 Ra8 21. c5 Be6
22. Nxe7+ Qxe7 23. Bxe7 Bxb3 24. Bxd6 Bc2 25. Bxb7 Bxd3 26. b6 Rad8 27. Bd5+ Kh8
28. b7 Bf8 29. Bxf8 Rxd5 30. b8=Q Rxb8 31. Rxb8 Kg8 32. Bd6+ Kf7 33. Re1 e4 34.
Rf8+ Ke6 35. Re8+ Kd7 36. Re7+ Kd8 37. Rxh7 Bc4 38. Ra1 Rxd6 39. cxd6 Bd5 40.
Rb1 e3+ 41. Kg1 Kc8 42. fxe3 d3 43. Kf1 1-0

[Event "Titled Tue 3rd Jan Late"]
[Site "chess.com INT"]
[Date "2025.06.03"]
[Round "11"]
[White "Medina Paz, Miguel"]
[Black "Cornelisse, Lorelei"]
[Result "0-1"]
[WhiteTitle "IM"]
[BlackTitle "WFM"]
[WhiteElo "2368"]
[BlackElo "2132"]
[WhiteFideId "7300379"]
[BlackFideId "1087177"]
[EventDate "2025.06.03"]

1. d4 f5 2. g3 Nf6 3. Bg2 g6 4. c3 Bg7 5. Nd2 O-O 6. Qb3+ d5 7. Ngf3 c6 8. Ne5
Nbd7 9. Ndf3 Ne4 10. Bf4 e6 11. h4 Ndf6 12. Ng5 Nd6 13. Bf3 h6 14. Nxg6 hxg5 15.
hxg5 Nfe4 16. Bxe4 Nxe4 17. Qa3 Rf7 18. Rh5 c5 19. O-O-O cxd4 20. Rdh1 dxc3 21.
Rh8+ Bxh8 22. Rxh8+ Kg7 23. Be5+ Kxg6 24. Rh6+ Kxg5 25. Bf4+ Kg4 26. Rh4+ Qxh4
27. gxh4 cxb2+ 28. Kxb2 Kxf4 29. f3 Nd2 30. Qd6+ Ke3 31. Qe5+ Kf2 32. Qh2+ Ke1
33. Kc2 Nf1 34. Qe5 Bd7 35. e4 Rc8+ 36. Kb2 Ne3 37. Qg3+ Ke2 38. Qh2+ Kd3 39.
Qe5 Rc2+ 40. Kb1 Ba4 41. exf5 Rfc7 42. a3 Rc1+ 0-1

[Event "Titled Tue 3rd Jan Late"]
[Site "chess.com INT"]
[Date "2025.06.03"]
[Round "11"]
[White "Rustamov, Rustam"]
[Black "Paravyan, David"]
[Result "0-1"]
[WhiteTitle "FM"]
[BlackTitle "GM"]
[WhiteElo "2323"]
[BlackElo "2596"]
[WhiteFideId "13440110"]
[BlackFideId "4194985"]
[EventDate "2025.06.03"]

1. e4 e5 2. Nf3 Nf6 3. Nxe5 d6 4. Nf3 Nxe4 5. d4 d5 6. Bd3 Bd6 7. O-O O-O 8. c4
c6 9. Nc3 Nxc3 10. bxc3 dxc4 11. Bxc4 Bg4 12. h3 Bh5 13. Rb1 b5 14. Be2 Nd7 15.
Be3 Nb6 16. Ne5 Bxe2 17. Qxe2 Qc7 18. Nf3 Nd5 19. Qc2 h6 20. c4 bxc4 21. Qxc4
Rab8 22. Rfc1 Rxb1 23. Rxb1 Qd7 24. Bd2 Rb8 25. Rxb8+ Bxb8 26. Ne5 Bxe5 27. dxe5
Nb6 28. Qe2 Qd5 29. Bf4 c5 30. Qg4 Qc4 31. Qg3 Kh7 32. Be3 Nd5 33. Qf3 Nxe3 34.
Qxe3 Qxa2 35. Qxc5 a5 36. Qd4 Qc2 37. g4 a4 38. Qb4 Qc1+ 39. Kg2 Qc6+ 40. Kg3
Qa8 41. Qa3 Qe4 42. f4 Qc2 43. Qe7 Qb3+ 44. Kh4 a3 45. e6 Qxe6 46. Qxa3 Qe1+ 0-1

[Event "Titled Tue 3rd Jan Late"]
[Site "chess.com INT"]
[Date "2025.06.03"]
[Round "11"]
[White "Fadi, Marko"]
[Black "Akhayan, Ruben"]
[Result "1-0"]
[WhiteTitle "FM"]
[BlackTitle "FM"]
[WhiteElo "2244"]
[BlackElo "2265"]
[WhiteFideId "10605371"]
[BlackFideId "204439"]
[EventDate "2025.06.03"]

1. b3 e5 2. Bb2 Nc6 3. e3 Nf6 4. Bb5 d6 5. d4 exd4 6. Bxc6+ bxc6 7. Qxd4 c5 8.
Qd3 Be7 9. c4 O-O 10. Nf3 Bb7 11. Ng5 g6 12. h4 Nd7 13. Nxh7 Bf6 14. Nxf6+ Nxf6
15. Qc3 Kg7 16. h5 g5 17. Nd2 Re8 18. O-O-O Re6 19. f4 gxf4 20. exf4 Qe7 21. h6+
Kh7 22. g4 Rg8 23. Rh4 Ne4 24. Nxe4 Rxe4 25. g5 Re2 26. Qg7+ Rxg7 27. hxg7+ Kg6
28. g8=Q+ Kf5 29. Qh7+ Ke6 30. Bf6 Qe8 31. Rh2 Re3 32. Qc2 Kd7 33. Kb2 a5 34.
Rdd2 a4 35. Rde2 a3+ 36. Kxa3 Qa8+ 37. Kb2 Be4 38. Qd2 Rd3 39. Qc1 Rf3 40. Rxe4
Qxe4 41. Qc2 Qe1 42. Re2 Qg1 43. Re7+ Kc8 44. Qe4 Rf2+ 45. Ka3 Qc1+ 46. Ka4 Qd2
47. Qa8# 1-0

[Event "Titled Tue 3rd Jan Late"]
[Site "chess.com INT"]
[Date "2025.06.03"]
[Round "11"]
[White "Khodabandeh, Milad"]
[Black "Metin, Enis"]
[Result "0-1"]
[WhiteTitle "CM"]
[WhiteElo "1957"]
[BlackElo "2169"]
[WhiteFideId "12538620"]
[BlackFideId "26306948"]
[EventDate "2025.06.03"]

1. e4 c5 2. Nf3 d6 3. d4 cxd4 4. Nxd4 Nf6 5. Nc3 g6 6. f3 Nc6 7. Be3 h5 8. Qd2
Nxd4 9. Qxd4 Bg7 10. O-O-O O-O 11. Kb1 Be6 12. Qd2 Qa5 13. Nd5 Qxd2 14. Nxe7+
Kh7 15. Rxd2 Rfe8 16. Nxg6 fxg6 17. Rxd6 Rad8 18. Rxd8 Rxd8 19. Be2 b6 20. Rd1
Rxd1+ 21. Bxd1 Bh6 22. Bd4 Nd7 23. b4 Bf4 24. g3 Be5 25. c3 g5 26. Kb2 Kg6 27.
a4 a5 28. Bb3 Kf6 29. f4 gxf4 30. gxf4 Bxd4 31. cxd4 Bg4 32. Kc3 Bf3 33. Bc2 Ke6
34. f5+ Kd6 35. e5+ Nxe5 36. dxe5+ Kxe5 37. b5 Bg4 38. Kc4 Be2+ 39. Kc3 Bg4 40.
Kc4 Be2+ 0-1

[Event "Titled Tue 3rd Jan Late"]
[Site "chess.com INT"]
[Date "2025.06.03"]
[Round "11"]
[White "Amarasinghe, A A C B"]
[Black "Tilahun, Abel Mathewos"]
[Result "0-1"]
[WhiteTitle "CM"]
[BlackTitle "CM"]
[WhiteElo "1949"]
[BlackElo "1944"]
[WhiteFideId "9901809"]
[BlackFideId "15702391"]
[EventDate "2025.06.03"]

1. d4 Nf6 2. c4 g6 3. Nc3 Bg7 4. e4 d6 5. f3 O-O 6. Be3 c5 7. Nge2 Nc6 8. d5 Ne5
9. Ng3 h5 10. Be2 h4 11. Nf1 e6 12. Qc2 exd5 13. cxd5 a6 14. a4 h3 15. g3 Rb8
16. a5 b5 17. axb6 Qxb6 18. Ra2 a5 19. Nd2 Ba6 20. O-O Bxe2 21. Nxe2 Qa6 22. Nc1
Rb4 23. Bf4 Nfd7 24. Bg5 Rfb8 25. b3 c4 26. bxc4 Nxc4 27. Nxc4 Rxc4 28. Qe2 Bd4+
29. Kh1 a4 30. Nd3 Rc3 31. Nf4 Qxe2 32. Nxe2 Rc4 33. Nxd4 Rxd4 34. Rfa1 Rb3 35.
Be7 Rxf3 36. Bxd6 Rxe4 37. Kg1 Rd4 38. Rxa4 Rxd5 39. Bf4 Nc5 40. Ra8+ Kg7 41.
Bg5 Ne4 0-1

[Event "Titled Tue 3rd Jan Late"]
[Site "chess.com INT"]
[Date "2025.06.03"]
[Round "11"]
[White "Clawitter, Craig"]
[Black "Vazelakis, Dimitrios"]
[Result "1-0"]
[WhiteElo "2050"]
[BlackElo "1857"]
[WhiteFideId "2023105"]
[BlackFideId "4203674"]
[EventDate "2025.06.03"]

1. e4 d6 2. d4 Nf6 3. Nc3 e5 4. Nf3 Nbd7 5. Bc4 Be7 6. O-O O-O 7. Re1 h6 8. h3
c6 9. a4 a5 10. d5 cxd5 11. Nxd5 Nxd5 12. Bxd5 Nb6 13. Bb3 Be6 14. c3 Bf6 15.
Be3 Nc4 16. Bxc4 Bxc4 17. b3 Be6 18. c4 Be7 19. Nd2 f5 20. f3 Qd7 21. Kh2 fxe4
22. Nxe4 Bf5 23. Qd3 Bxe4 24. Qxe4 Qf5 25. Qxb7 Bg5 26. Qe4 Qxe4 27. fxe4 Bxe3
28. Rxe3 Rab8 29. Rd1 Rf6 30. Rd5 Kf7 31. Rxa5 Rf4 32. Rb5 Rd8 33. Rf3 Rxf3 34.
gxf3 Kf6 35. a5 Kg5 36. Kg3 h5 37. h4+ Kf6 38. a6 Ra8 39. Ra5 Ke6 40. b4 Kd7 41.
b5 Kc7 42. Ra1 Kb6 43. Rd1 Kc5 44. Rd5+ Kxc4 45. Rxd6 Kxb5 46. f4 exf4+ 47. Kxf4
Kc5 48. Rg6 Kd4 49. Rd6+ Kc5 50. e5 Rf8+ 51. Ke4 1-0

[Event "Titled Tue 3rd Jan Late"]
[Site "chess.com INT"]
[Date "2025.06.03"]
[Round "11"]
[White "Jankowiak, Tomasz"]
[Black "Garcia Hernandez, Rebeca"]
[Result "1-0"]
[WhiteTitle "CM"]
[BlackTitle "WCM"]
[WhiteElo "2111"]
[BlackElo "1903"]
[WhiteFideId "1185357"]
[BlackFideId "5180872"]
[EventDate "2025.06.03"]

1. d4 d5 2. c4 c6 3. Nc3 Nf6 4. Nf3 g6 5. Bg5 Bg7 6. e3 O-O 7. Bd3 dxc4 8. Bxc4
b5 9. Bd3 a6 10. O-O Bb7 11. Bxf6 Bxf6 12. Ne4 Bg7 13. Rc1 Nd7 14. Nc5 Nxc5 15.
Rxc5 Qd6 16. Qc2 Rfe8 17. Rc1 e5 18. dxe5 Bxe5 19. Be4 Rac8 20. Bxc6 Bxc6 21.
Nxe5 Rxe5 22. Rxc6 Rxc6 23. Qxc6 Qxc6 24. Rxc6 Rd5 25. Kf1 Rd2 26. Rxa6 Rxb2 27.
g3 h5 28. Kg2 Kg7 29. Kf3 f6 30. a4 bxa4 31. Rxa4 Rb7 32. Ra6 Re7 33. h4 Kf7 34.
Kf4 Kg7 35. e4 Rc7 36. f3 Re7 37. g4 hxg4 38. fxg4 Rb7 39. Rc6 Rf7 40. g5 f5 41.
e5 Re7 42. e6 Kf8 43. Ke5 Kg7 44. Rd6 Kf8 45. Kf6 Rh7 46. Rd8# 1-0

[Event "Titled Tue 3rd Jan Late"]
[Site "chess.com INT"]
[Date "2025.06.03"]
[Round "11"]
[White "Niemann, Hans Moke"]
[Black "Firouzja, Alireza"]
[Result "0-1"]
[WhiteTitle "GM"]
[BlackTitle "GM"]
[WhiteElo "2736"]
[BlackElo "2757"]
[WhiteFideId "2093596"]
[BlackFideId "12573981"]
[EventDate "2025.06.03"]

1. e4 g6 2. d4 Bg7 3. Nf3 d6 4. c3 Nc6 5. Be2 Nf6 6. Nbd2 e5 7. dxe5 dxe5 8. O-O
a5 9. Qc2 O-O 10. Nc4 Qe7 11. Rd1 a4 12. Be3 Ng4 13. Bg5 f6 14. Bh4 Be6 15. h3
Nh6 16. Ne3 Nd8 17. Bb5 a3 18. b4 c6 19. Bc4 b5 20. Bxe6+ Nxe6 21. Qb3 Kh8 22.
Nxe5 g5 23. Nxc6 Qe8 24. Rd6 Nf4 25. Bg3 Ra6 26. Bxf4 gxf4 27. Qd5 fxe3 28. fxe3
Nf7 29. Re6 Qc8 30. Rf1 Nd8 31. Nxd8 Rxd8 32. Qxd8+ Qxd8 33. Rxa6 Bh6 34. Raxf6
Bxe3+ 35. Kh1 Kg7 36. e5 Bg5 37. Ra6 Qd3 38. Ra7+ Kg6 39. Ra6+ Kh5 40. Rf3 Qe4
41. e6 Bf4 42. g4+ Kh4 43. Kg2 Bg3 44. e7 Qe2+ 45. Kg1 Bh2+ 46. Kh1 Qxf3+ 47.
Kxh2 Qf2+ 48. Kh1 Kg3 0-1

[Event "Titled Tue 3rd Jan Late"]
[Site "chess.com INT"]
[Date "2025.06.03"]
[Round "11"]
[White "Drygalov, Andrey"]
[Black "Mekhitarian, Krikor Sevag"]
[Result "0-1"]
[WhiteTitle "GM"]
[BlackTitle "GM"]
[WhiteElo "2431"]
[BlackElo "2564"]
[WhiteFideId "24171735"]
[BlackFideId "2107660"]
[EventDate "2025.06.03"]

1. e4 c5 2. Nf3 Nc6 3. Bb5 Nf6 4. Bxc6 dxc6 5. d3 Qc7 6. b3 e5 7. Bb2 Bd6 8.
Nbd2 Be6 9. Ng5 Bg4 10. f3 Bd7 11. f4 exf4 12. Nc4 Be7 13. Be5 Qd8 14. Bxf4 h6
15. Nf3 Be6 16. O-O O-O 17. Qd2 b5 18. Nce5 Rc8 19. Kh1 c4 20. Qf2 cxd3 21. cxd3
c5 22. Rae1 Bd6 23. h3 Re8 24. Bh2 Qc7 25. Qh4 Nh7 26. Rf2 Rcd8 27. Ref1 f6 28.
Ng6 Bxh2 29. Nxh2 Rxd3 30. e5 Rd4 31. Qh5 Bf7 32. exf6 Rd5 33. Ne7+ Rxe7 34.
fxe7 Rxh5 35. Rxf7 Qc8 36. Ng4 Qe8 37. R7f3 Qxe7 38. Re3 Qd8 39. Rfe1 Nf6 40.
Ne5 Rf5 41. Ng6 Kh7 42. Ne7 Rf2 43. Rg3 Qd2 44. Rg1 Qe2 45. Nc6 Rf1 46. Kh2 Rxg1
47. Kxg1 Ne4 48. Rf3 Qe1+ 49. Kh2 Ng5 50. Rg3 Qe6 51. Na5 Qe5 52. Nc6 Qd6 0-1

[Event "Titled Tue 3rd Jan Late"]
[Site "chess.com INT"]
[Date "2025.06.03"]
[Round "11"]
[White "Fomevor, Cephas Clinton"]
[Black "Kiseleva, Arina"]
[Result "0-1"]
[WhiteTitle "CM"]
[BlackTitle "WCM"]
[WhiteElo "1883"]
[BlackElo "1994"]
[WhiteFideId "12601330"]
[BlackFideId "4164989"]
[EventDate "2025.06.03"]

1. d4 Nf6 2. c4 e6 3. Nc3 Bb4 4. Qc2 O-O 5. Nf3 b6 6. Bg5 Bb7 7. e3 d6 8. Bd3
Nbd7 9. Bxh7+ Kh8 10. Bd3 e5 11. dxe5 dxe5 12. Be2 Qe8 13. O-O Bxc3 14. Bxf6
Nxf6 15. Qxc3 Bxf3 16. Bxf3 e4 17. Be2 Rd8 18. Rfd1 Qe6 19. c5 c6 20. b3 b5 21.
a4 a6 22. axb5 axb5 23. b4 Rxd1+ 24. Rxd1 Nd5 25. Qa3 Qf6 26. Rd4 Qg6 27. Bxb5
Nf4 28. exf4 cxb5 29. Qe3 f5 30. Rd6 Qh5 31. g3 Ra8 32. Qe1 Qh3 33. Qd1 Ra4 34.
Rd8+ Kh7 35. Rd4 Ra3 36. Qf1 Qg4 37. Rd1 e3 38. fxe3 Rxe3 39. Qxb5 Re2 40. Qd3
Rb2 41. Qf1 Qh5 42. h4 Qg4 43. Rd3 Rxb4 44. Rc3 Rxf4 0-1

[Event "Titled Tue 3rd Jan Late"]
[Site "chess.com INT"]
[Date "2025.06.03"]
[Round "11"]
[White "Jumabayev, Rinat"]
[Black "Ahmad, Khagan"]
[Result "0-1"]
[WhiteTitle "GM"]
[BlackTitle "IM"]
[WhiteElo "2551"]
[BlackElo "2405"]
[WhiteFideId "13702661"]
[BlackFideId "13431552"]
[EventDate "2025.06.03"]

1. d4 Nf6 2. c4 e6 3. Nf3 d5 4. g3 Be7 5. Bg2 O-O 6. O-O dxc4 7. Qc2 a6 8. a4
Bd7 9. Qxc4 Bc6 10. Bg5 a5 11. Nc3 Nbd7 12. Rfd1 h6 13. Bxf6 Nxf6 14. Qd3 Bb4
15. Qc2 Qe7 16. e3 Rfd8 17. h3 Rac8 18. Rac1 Bxf3 19. Bxf3 c5 20. Nb5 g6 21. Kg2
Kg7 22. Qb3 cxd4 23. Rxc8 Rxc8 24. Nxd4 e5 25. Nb5 e4 26. Be2 Rd8 27. Rxd8 Qxd8
28. Bc4 Qd7 29. Nd4 Bc5 30. Ne2 g5 31. Nc3 b6 32. Bd5 Qf5 33. Bxf7 Qf3+ 34. Kg1
Bxe3 35. fxe3 Qxg3+ 36. Kf1 Qxh3+ 37. Ke1 Ng4 38. Nd1 Qg3+ 39. Kd2 Qh2+ 40. Ke1
Ne5 41. Nf2 Nxf7 42. Qc3+ Qe5 43. Nxe4 Qxc3+ 44. Nxc3 Ne5 45. Nd5 Nd7 46. e4 h5
47. Kf2 Kg6 48. Kf3 h4 49. b3 Kh5 50. Kg2 g4 51. Nf4+ Kg5 52. Nd5 Nf6 53. Nxb6
h3+ 54. Kh2 Kh4 55. Nc4 g3+ 56. Kg1 Nxe4 57. Ne3 Nf2 58. Nf1 Kg4 59. Ne3+ Kf3
60. Nf1 Kf4 0-1

[Event "Titled Tue 3rd Jan Late"]
[Site "chess.com INT"]
[Date "2025.06.03"]
[Round "11"]
[White "Sethuraman, Roshan"]
[Black "Rajaram, Rohan"]
[Result "1-0"]
[BlackTitle "CM"]
[WhiteElo "2074"]
[BlackElo "2164"]
[WhiteFideId "30965250"]
[BlackFideId "30940729"]
[EventDate "2025.06.03"]

1. e4 e6 2. d4 d5 3. Nd2 dxe4 4. Nxe4 Be7 5. Nf3 Nd7 6. Bd3 b6 7. O-O Bb7 8. Re1
Ngf6 9. c3 O-O 10. Qc2 h6 11. Bf4 Nd5 12. Bg3 f5 13. Ned2 f4 14. Rxe6 fxg3 15.
hxg3 Bf6 16. Rae1 c5 17. Bc4 Kh8 18. Qb3 Nc7 19. R6e2 cxd4 20. cxd4 a6 21. Qc2
b5 22. Bd3 Nd5 23. a3 Rc8 24. Qb1 N7b6 25. Ne4 Nc4 26. Nc5 Qc7 27. Ne6 Qc6 28.
Nxf8 Rxf8 29. Be4 Nd6 30. Bd3 Nb6 31. Rc1 Qd5 32. Rc5 Qf7 33. Bg6 Qd7 34. Ne5
Bxe5 35. Rcxe5 Ndc4 36. Re7 Qg4 37. Re8 Nd7 38. Rxf8+ Nxf8 39. Re8 Kg8 40. Bd3
Qxd4 41. Rb8 Qd5 42. f3 Qd4+ 43. Kh2 Qa7 44. Bh7+ Kf7 45. Qf5+ Ke7 46. Qxf8+ Kd7
47. Bf5+ Kc7 48. Qd8+ Kc6 49. Be4+ Kc5 50. Rxb7 1-0